logo

Bir Sreshtho Munshi Abdur Rouf Library
Jhenaidah Cadet College

The empty house / (Record no. 8031)

MARC details
000 -LEADER
fixed length control field 00597nam a22002293 4500
001 - CONTROL NUMBER
JCCL Control Number 8031
003 - CONTROL NUMBER IDENTIFIER
JCCL marc code BD - JhCC
005 - DATE AND TIME OF LATEST TRANSACTION
control field 20181120095904.0
008 - FIXED-LENGTH DATA ELEMENTS--GENERAL INFORMATION
fixed length control field 961021s1958 enk j 000 1 eng d
035 ## - SYSTEM CONTROL NUMBER
system control number (BD - JhCC)8031
040 ## - CATALOGING SOURCE
Original cataloging agency EQO
Transcribing agency EQO
Modifying agency BD-JhCC
-- BD - JhCC
041 ## - LANGUAGE CODE
Language code of Book eng
082 ## - DEWEY DECIMAL CLASSIFICATION NUMBER
Author mark and Year POC 1958
Classification number 843.914
100 1# - MAIN ENTRY--PERSONAL NAME
Personal name Pocock, Doris Alice.
245 14 - TITLE STATEMENT
Title The empty house /
Statement of responsibility, etc Doris Alice Pocock,
260 ## - PUBLICATION, DISTRIBUTION, ETC. (IMPRINT)
Place of publication, distribution, etc Lond. &c.,
Date of publication, distribution, etc [1958].
300 ## - PHYSICAL DESCRIPTION
Pagination 157 p. :
Dimensions 20 cm.
650 ## - SUBJECT ADDED ENTRY--TOPICAL TERM
Topical term or geographic name as entry element Detective and mystery stories
650 ## - SUBJECT ADDED ENTRY--TOPICAL TERM
Topical term or geographic name as entry element World War (1939-1945)
942 ## - ADDED ENTRY ELEMENTS (KOHA)
Source of classification or shelving scheme Dewey Decimal Classification
Koha item type Books
Holdings
Source of classification or shelving scheme Damaged status Not for loan Home library Current library Shelving location Total Checkouts Full call number Barcode Date last seen Copy number Koha item type
Dewey Decimal Classification     JCC Rouf Library JCC Rouf Library General Stacks   843.914 POC 1958 9221 02/17/2018 C - 1 Books

JCC Library | Contacts | JCC Home

Last Update on 23 September 2017
Copyright @ 2017-2020 JCC Rouf Library
Rouf Library, Jhenidah Cadet College (JCC), Bangladesh